Normal view
MARC view
- Salkever, Stephen G.,
Entry Personal Name
001 - CONTROL NUMBER
- control field: 33845
003 - CONTROL NUMBER IDENTIFIER
- control field: OSt
005 - DATE AND TIME OF LATEST TRANSACTION
- control field: 20130930153756.0
008 - FIXED-LENGTH DATA ELEMENTS
- fixed length control field: 130930|| aca||aabn | a|a d
040 ## - CATALOGING SOURCE
- Original cataloging agency: OSt
- Transcribing agency: OSt
100 ## - HEADING--PERSONAL NAME
- Personal name: Salkever, Stephen G.,
- Dates associated with a name: 1943-
670 ## - SOURCE DATA FOUND
- Source citation: Work cat.: (OSt)0: The Cambridge companion to ancient Greek political thought /, 2009.